Evaluar para la transformación : (Registro nro. 28974)
[ vista simple ]
| 000 -CABECERA | |
|---|---|
| Longitud fija campo de control | 00714nam a2200217 a 4500 |
| 003 - • IDENTIFICADOR DELl NÚMERO DE CONTROL | |
| Identificador del número de control | CO-ViMGA |
| 008 - • CÓDIGOS DE INFORMACIÓN DE LONGITUD FIJA | |
| Códigos de información de longitud fija | 141112s2004 ck r 000 u spa d |
| 020 ## - • NÚMERO INTERNACIONAL NORMALIZADO PARA LIBROS | |
| Número Internacional Normalizado para Libros (ISBN) | 950124508X |
| 040 ## - FUENTE DE LA CATALOGACIÓN | |
| Centro catalogador de origen | CO-ViMGA |
| Lengua de catalogación | spa |
| Centro transcriptor | CO-ViMGA |
| 082 04 - • NÚMERO DE LA CLASIFICACIÓN DECIMAL DEWEY | |
| Número de clasificación (R) | 658.404 N173e |
| 100 1# - • PUNTO DE ACCESO PRINCIPAL-NOMBRE DE PERSONA | |
| Nombre de persona | Nirenberg, Olga; Brawerman, Josette; Ruiz, Violeta |
| 245 10 - • TITULO PROPIAMENTE DICHO | |
| Título | Evaluar para la transformación : |
| Resto del título | innovaciones en la evaluación de programas y proyectos sociales |
| 300 ## - • DESCRIPCIÓN FÍSICA | |
| Extensión | 224 p. |
| 490 ## - • MENCIÓN DE SERIE | |
| Mención de serie | Paidos, Tramas sociales |
| 590 ## - NOTAS LOCALES | |
| Nota local | Forma de adquisición : Premio Mincultura |
| 650 14 - • PUNTO DE ACCESO ADICIONAL DE MATERIA - TÉRMINO DE MATERIA | |
| Término de materia o nombre geográfico como elemento inicial | EVALUACION DE PROYECTOS |
| 650 14 - • PUNTO DE ACCESO ADICIONAL DE MATERIA - TÉRMINO DE MATERIA | |
| Término de materia o nombre geográfico como elemento inicial | TECNICAS DE EVALUACION |
| 942 ## - ENTRADA DE ELEMENTOS AGREGADOS (KOHA) | |
| Fuente de clasificaión o esquema | Dewey Decimal Classification |
| Koha [por defecto] tipo de item | LIbro |
| Perdido | Fuente de clasificación o esquema | Estado Físico | No para préstamo | Forma de adquisición | Localización permanente | Localización actual | Fecha adquisición | Serie de enumeración / cronolog&íacute;a | Préstamos totales | Signatura completa | Código de barras | Fecha última consulta | Número de copia | Fecha del precio de reemplazo | Tipo de item de Koha | Localización en estanterías |
|---|---|---|---|---|---|---|---|---|---|---|---|---|---|---|---|---|
| Dewey Decimal Classification | Sala General | Biblioteca Pública Acacias - Carlos María Hernández Rojas | Biblioteca Pública Acacias - Carlos María Hernández Rojas | 10/26/2023 | 303.3 N37e Ej.1 | ACA02032 | 10/26/2023 | Ej.1 | 10/26/2023 | LIbro | General | |||||
| Dewey Decimal Classification | Colección General | Biblioteca Pública Barranca de Upia - María Dolores Herrera | Biblioteca Pública Barranca de Upia - María Dolores Herrera | 10/18/2023 | 303.3 N37e | BUP01145 | 10/18/2023 | Ej.1 | 10/18/2023 | LIbro | General | |||||
| Dewey Decimal Classification | Sala Especializada Tercer Piso | Biblioteca Pública Germán Arciniegas - Villavicencio | Biblioteca Pública Germán Arciniegas - Villavicencio | 12/04/2015 | Volumen. 1 | 11/jun/2009 | 658.404 N173e | 19847 | 06/05/2019 | Ej. 1 | 12/04/2015 | LIbro |